Statistics for WW1 Tanks

Click here to take the quiz!

General Stats

  • This quiz has been taken 51 times
    (33 since last reset)
  • The average score is 5 of 20

Answer Stats

CountryTank% Correct
German EmpireSturmpanzerwagen A7V
77%
UKMark V
67%
UKMark I
63%
UKMark II
63%
UKMark III
63%
UKMark IV
63%
FranceRenault FT
53%
FranceChar Saint Chamond
33%
ItalyFIAT 2000
20%
USAM1917
17%
UKMark IX
10%
UK/USAMark VIII Liberty
7%
FranceSchneider CA-1
7%
German EmpireLiechter Kampfwagen II
3%
German EmpireFlakpanzer A7V
0%
USAFord 3-ton M1918
0%
UKGun Carrier Mark I
0%
UKMedium Mark A Whippet
0%
UKMedium Mark B Whippet
0%
UKMedium Mark C Hornet
0%

Score Distribution

Percentile by Number Answered

Percent of People with Each Score

Your Score History

You have not taken this quiz since the last reset